000 00926nmc a2200325 a 4500
003 AR-Y00000XR
005 20251128212015.0
008 117020s2007 ||||||||||||||000 | spa||
020 _a978-950-23-0812-8
040 _cAR-Y00000XR
100 1 _aCaraballo, Liliana
245 1 0 _aLa dictadura [1976-1983]
_btestimonios y documentos
250 _a1ª ed.
260 _aBuenos Aires
_bEudeba
_c2007
300 0 _a161 p.
_bil.
490 0 _aDocumentos de historia argentina
521 _aSECUNDARIO
650 4 _aHISTORIA POLITICA ARGENTINA
650 4 _aDESAPARICION DE PERSONAS
650 4 _aTESTIMONIOS
650 4 _aREPRESION
650 4 _aGOLPES DE ESTADO
653 0 _aDICTADURA MILITAR 1976-1983
653 0 _aPROCESO DE REORGANIZACION NACIONAL
700 1 _aCharlier, Noemí
700 1 _aGaruli, Liliana
700 1 _aBarrotarán, Patricia
_ecolaborador
942 _cBK
998 _cme-solo cat
999 _c22040
_d22040